000 00266nam a2200109Ia 4500
008 190919s9999||||xx |||||||||||||| ||und||
100 _aReinhard Wilhelm
245 0 _aCompiler Design
260 _aNew Delhi
_bTata McGraw Hill
_c2000
300 _a354
942 _cBK
999 _c11450
_d11450